| 000 | 00510cam a2200217ua 4500 | ||
|---|---|---|---|
| 001 | 8100 | ||
| 005 | 20260515114308.0 | ||
| 008 | 150108n ii |||gr||||Z||||||hin | ||
| 020 | _a8174574123 | ||
| 040 | _cMAIN | ||
| 041 | _ahin | ||
| 082 | _a398.2 | ||
| 100 |
_aSharma, S., _eAuthor. |
||
| 245 | 1 |
_aLoksahitya : _bShiddhanta aur prayog / _cBy Sriram Sharma . |
|
| 250 | _a1st. | ||
| 260 |
_aAgra: _bBinod, _c1996. |
||
| 300 | _a348p. | ||
| 653 | _aFolklore | ||
| 653 | _aFolk literature | ||
| 942 | _cBK | ||
| 999 |
_c7210 _d7210 |
||